000 00509nam a2200217 454500
001 069642
003 BD-ChCU
008 Eng
020 _ax
040 _aDLC
_cDLC
_dBD-ChCU
082 0 0 _a157/GRM
100 1 _aGraham, Thomas F.
_bx
245 1 0 _aMedieval midns; mental health in the middle ages
_bx
250 _ax
260 _aLondon
_bAllen & Unwin
_c1967
300 _a112
504 _ax
650 0 _aPsychology, Physiology
_bPsychology, Physiology
700 1 _ax
942 _2ddc
_cBK
999 _c69642
_d69642